书目信息 |
| 题名: |
尼采
|
|
| 作者: | 吴光远 , 肖娟娟 编著 | |
| 分册: | ||
| 出版信息: | 北京 新世界出版社 2006 |
|
| 页数: | 225页 | |
| 开本: | 23cm | |
| 丛书名: | 思想大师谈人生系列 | |
| 单 册: | ||
| 中图分类: | B516.47 | |
| 科图分类: | ||
| 主题词: | 哲学思想 | |
| 电子资源: | ||
| ISBN: | 7-80187-970-8 | |
| 000 | 01004oam2 2200289 450 | |
| 001 | 010010029510 | |
| 005 | 20061118171802.32 | |
| 010 | @a7-80187-970-8@dCNY25.00 | |
| 100 | @a20060120d2006 em y0chiy0110 ea | |
| 101 | 0 | @achi |
| 102 | @aCN@b110000 | |
| 105 | @ay z 000yy | |
| 200 | 1 | @a尼采@9ni cai@e不做“好人”做强者@f吴光远,肖娟娟编著 |
| 210 | @a北京@c新世界出版社@d2006 | |
| 215 | @a225页@d23cm | |
| 225 | 2 | @a思想大师谈人生系列@v04 |
| 330 | @a本书主要内容包括:尼采的行为与灵魂;疯狂而孤独的天才;摧毁偶像:现代文明的罪恶;不做“好人”:重估一切价值等八章。 | |
| 461 | 0 | @12001 @a思想大师谈人生系列@v04@1701 0@a吴光远@4主编 |
| 517 | 1 | @a不做“好人”做强者@9bu zuo“ hao ren” zuo qiang zhe |
| 600 | 1 | @a尼采@bF.W.@f1844~1900@x哲学思想@x研究 |
| 600 | 1 | @a尼采@bF.W.@f1844~1900 |
| 606 | 0 | @a哲学思想 |
| 690 | @aB516.47@v4 | |
| 701 | 0 | @a吴光远@9wu guang yuan@4编著 |
| 701 | 0 | @a肖娟娟@9xiao juan juan@4编著 |
| 801 | 0 | @aCN@bRENTIAN@c20061118 |
| 905 | @a10447@dB516.47@e107 | |
| 尼采:不做“好人”做强者/吴光远,肖娟娟编著.-北京:新世界出版社,2006 |
| 225页;23cm.-(思想大师谈人生系列;04) |
| ISBN 7-80187-970-8:CNY25.00 |
| 本书主要内容包括:尼采的行为与灵魂;疯狂而孤独的天才;摧毁偶像:现代文明的罪恶;不做“好人”:重估一切价值等八章。 |
| ● |
| 相关链接 |
|
|
|
|
正题名:尼采
索取号:B516.47/107
 
预约/预借
| 序号 | 登录号 | 条形码 | 馆藏地/架位号 | 状态 | 备注 |
| 1 | 0392331 | 203923317 | 第一样本阅览室/ [索取号:B516.47/107] | 在馆 | |
| 2 | 0392332 | 203923326 | 第一借阅区/ [索取号:B516.47/107] | 在馆 | |
| 3 | 0392333 | 203923335 | 第一借阅区/ [索取号:B516.47/107] | 在馆 | |
| 4 | 0392334 | 203923344 | 第一借阅区/ [索取号:B516.47/107] | 在馆 | |
| 5 | 0392335 | 203923353 | 第一借阅区/ [索取号:B516.47/107] | 在馆 |